Zwycięzcy PKO BP Ekstraklasa (1921-2024) - Statystyki

Ogólne statystyki
  • Ten quiz został rozwiązany 2 660 razy
    1 398 od ostatniego zresetowania
  • Średni wynik to 14 z 20
Statystyki odpowiedzi
Hint Odpowiedź % Poprawnych
8 Lech Poznań
100%
15 Legia Warszawa
100%
13 Wisła Kraków
95%
14 Górnik Zabrze
88%
14 Ruch Chorzów
88%
5 Cracovia
84%
1 Jagiellonia Białystok
84%
2 Śląsk Wrocław
81%
4 Widzew Łodź
80%
1 Raków Częstochowa
79%
2 ŁKS Łódź
73%
1 Piast Gliwice
71%
2 Zagłębie Lubin
70%
2 Polonia Warszawa
66%
2 Stal Mielec
50%
2 Warta Poznań
50%
2 Polonia Bytom
49%
4 Pogoń Lwów
41%
1 Szombierki Bytom
31%
1 Garbarnia Kraków
22%
Nie znaleziono quizów pasujących do podanych kryteriów
Rozkład punktacji
Procent ludzi z każdym wynikiem
Percentyl według liczby udzielonych odpowiedzi
Twoja historia wyników
Nie rozwiązałeś tego quizu od ostatniego zresetowania